00664nam a2200193 a 450000100100000000500170001000800410002702000150006804000250008310000420010824500700015026000320022030000210025249000230027350000220029683000300031895201050034899900170045300004408620201002045134.0140515s2004 sp 001 0 spa d a8437621917 aDO-SdBNPbspacBNPHU1 aSánchez Noriega, José Luis97208210aDiccionario temático del cine /cJosé Luis Sánchez Noriega. aMadrid :bCátedra,c2004. a612 p. ;c22 cm.1 aSigno e imagenv83 aIncluye índices 0aSigno e imagenv83972013 001050718MOaGRbGRcCTd2014-05-15iLF1l0o p44086-10r2020-06-25w2020-06-25y1ZNo se presta c43575d43575